000 01054nam a2200265 u 4500
005 20160520145335.0
008 160520q2014 ck ad|||r|||| 00| 0 spa d
020 _a9789585907904
040 _aCO-BoIAVH
_cCO-BoIAVH
041 0 _aspa
044 _ack
082 0 4 _a570.285
_bS27c
111 2 _aSC-CAMP
_cManizales, Colombia
_d2014
245 1 0 _aConceptos generales sobre HPC con ejercicios prácticos aplicados a bioinformática /
_ceditado por Carlos J. Barrios, Diego Ceballos y Dago H. Bedoya
260 _a[Bogotá?] :
_bCentro de bioinformática y biología computacional :
_bColciencias,
_c[2014?].
300 _a149 páginas :
_bilustraciones a color y gráficas ;
_c21 x 28 cm.
650 1 6 _aBioinformática
650 2 4 _aHigh performance computing
650 2 4 _aHigh troughput computing
650 2 4 _aArquitectura de información
700 1 _aBarrios, Carlos J.
_eeditor
700 1 _aCeballos, Diego H.
_eeditor
700 1 _aBedoya, Dago H.
_eeditor
942 _2ddc
_cLIBRO
999 _c18732
_d18732